Papers from "The Criminologist"; (Record no. 720)

MARC details
000 -LEADER
fixed length control field 00898cam a2200301 4500
001 - CONTROL NUMBER
control field 2190407
003 - CONTROL NUMBER IDENTIFIER
control field OSt
005 - DATE AND TIME OF LATEST TRANSACTION
control field 20150709162131.0
008 - FIXED-LENGTH DATA ELEMENTS--GENERAL INFORMATION
fixed length control field 720320s1971 enka b 000 0 eng
010 ## - LIBRARY OF CONGRESS CONTROL NUMBER
LC control number 72175541
015 ## - NATIONAL BIBLIOGRAPHY NUMBER
National bibliography number B72-00134
020 ## - INTERNATIONAL STANDARD BOOK NUMBER
International Standard Book Number 0723404321
040 ## - CATALOGING SOURCE
Original cataloging agency DLC
Transcribing agency DLC
Modifying agency DLC
050 00 - LIBRARY OF CONGRESS CALL NUMBER
Classification number HV6025
Item number .M623
082 00 - DEWEY DECIMAL CLASSIFICATION NUMBER
Classification number 364 CRI
100 1# - MAIN ENTRY--PERSONAL NAME
Dates associated with a name 1905-
Relator term comp.
9 (RLIN) 1955
245 10 - TITLE STATEMENT
Title Papers from "The Criminologist";
Statement of responsibility, etc edited by Nigel Morland; with a foreword by Keith Simpson.
260 ## - PUBLICATION, DISTRIBUTION, ETC. (IMPRINT)
Place of publication, distribution, etc London,
Name of publisher, distributor, etc Wolfe,
Date of publication, distribution, etc 1971.
300 ## - PHYSICAL DESCRIPTION
Extent 318 p.
Other physical details illus.
Dimensions 25 cm.
350 ## - PRICE (NR) (BK AM CF MU VM SE) [OBSOLETE]
Price £3.50
500 ## - GENERAL NOTE
General note Published in 1972 under title: The Criminologist.
504 ## - BIBLIOGRAPHY, ETC. NOTE
Bibliography, etc Includes bibliographical references.
650 #0 - SUBJECT ADDED ENTRY--TOPICAL TERM
Topical term or geographic name as entry element Criminology.
9 (RLIN) 1956
650 #0 - SUBJECT ADDED ENTRY--TOPICAL TERM
Topical term or geographic name as entry element Criminal investigation.
9 (RLIN) 1957
730 0# - ADDED ENTRY--UNIFORM TITLE
Uniform title Criminologist.
9 (RLIN) 1958
906 ## - LOCAL DATA ELEMENT F, LDF (RLIN)
a 7
b cbc
c orignew
d 3
e ncip
f 19
g y-gencatlg
942 ## - ADDED ENTRY ELEMENTS (KOHA)
Source of classification or shelving scheme Dewey Decimal Classification
Koha item type Books
Holdings
Withdrawn status Lost status Source of classification or shelving scheme Damaged status Not for loan Home library Current library Shelving location Date acquired Total Checkouts Full call number Barcode Date last seen Price effective from Koha item type
    Dewey Decimal Classification     Law Development Centre Main Library Law Development Centre Main Library Text Books and Laws 04/27/2011   364 CRI 2011/2484 04/27/2011 04/27/2011 Books